Statistics for Top 5 Players From Each NBA Draft Since 1980

Click here to take the quiz!

General Stats

  • This quiz has been taken 44 times
  • The average score is 96 of 200

Answer Stats

Players% Correct
Michael Jordan
97%
DeAndre Jordan
94%
LeBron James
94%
Hakeem Olajuwon
92%
Shaquille O'Neal
92%
Buck Williams
89%
Carmelo Anthony
89%
Clifford Robinson
89%
David Robinson
89%
Deron Williams
89%
Dwyane Wade
89%
Kobe Bryant
89%
Lou Williams
89%
Marvin Williams
89%
Mitchell Robinson
89%
Stephen Curry
89%
Tim Duncan
89%
Charles Barkley
86%
Scottie Pippen
86%
Allen Iverson
83%
Isiah Thomas
83%
Joe Johnson
83%
Kevin Garnett
83%
Kevin Johnson
83%
Larry Johnson
83%
Steve Nash
83%
Tony Parker
83%
Chris Paul
81%
David West
81%
Dennis Rodman
81%
Jason Kidd
81%
John Stockton
81%
James Harden
78%
Kevin Durant
78%
Russell Westbrook
78%
Clyde Drexler
75%
Dirk Nowitzki
75%
Jarrett Allen
75%
Karl Malone
75%
Patrick Ewing
75%
Paul Pierce
75%
Ray Allen
75%
Ricky Pierce
75%
A.C. Green
72%
Andre Miller
72%
Chris Bosh
72%
Draymond Green
72%
Luka Doncic
72%
Mike Miller
72%
Penny Hardaway
72%
Reggie Miller
72%
Tim Hardaway
72%
Vince Carter
72%
Anthony Davis
69%
Antonio Davis
69%
Dale Davis
69%
Karl-Anthony Towns
69%
Kawhi Leonard
69%
Kyrie Irving
69%
Larry Smith
69%
Steve Smith
69%
Amar'e Stoudemire
67%
Gary Payton
67%
James Worthy
67%
Kevin Love
67%
Marc Gasol
67%
Pau Gasol
67%
Blake Griffin
64%
Damian Lillard
64%
Dominique Wilkins
64%
Dwight Howard
64%
Giannis Antetokounmpo
64%
Juwan Howard
64%
Manu Ginobili
64%
Alonzo Mourning
61%
Ben Simmons
61%
George Hill
61%
Grant Hill
61%
Kyle Lowry
61%
Paul George
61%
P.J. Brown
61%
Rasheed Wallace
61%
Yao Ming
61%
Chris Webber
58%
Jayson Tatum
58%
Joel Embiid
58%
Kevin McHale
58%
Nikola Jokic
58%
Tracy McGrady
58%
Horace Grant
56%
Jerami Grant
56%
Jimmy Butler
56%
Shawn Kemp
56%
Trae Young
56%
Bradley Beal
53%
DeMar DeRozan
53%
Eddie Jones
53%
Chauncey Billups
50%
Deandre Ayton
50%
Brad Daugherty
47%
Dikembe Mutombo
47%
Glen Rice
47%
Ja Morant
47%
Kemba Walker
47%
Mark Price
47%
Rajon Rondo
47%
Derek Anderson
44%
LaMarcus Aldridge
44%
Elton Brand
42%
Kenyon Martin
42%
Mike Conley
42%
Serge Ibaka
42%
Joakim Noah
39%
Mitch Richmond
39%
Rashard Lewis
39%
Shawn Marion
39%
Byron Scott
36%
Derrick Coleman
36%
Al Horford
33%
Brent Barry
33%
Jamal Crawford
33%
Jeff Hornacek
33%
Al Jefferson
31%
Carlos Boozer
31%
Christian Laettner
31%
CJ McCollum
31%
Dale Ellis
31%
Donovan Mitchell
31%
Jamal Murray
31%
Michael Redd
31%
Peja Stojakovic
31%
Richard Jefferson
31%
Rudy Gobert
31%
Terry Porter
31%
Tyson Chandler
31%
Derek Harper
28%
Detlef Schrempf
28%
Paul Millsap
28%
Ron Harper
28%
Steven Adams
28%
Tayshaun Prince
28%
Tom Chambers
28%
Toni Kukoc
28%
Vlade Divac
28%
Allan Houston
25%
Antawn Jamison
25%
Bam Adebayo
25%
Gordon Hayward
25%
John Collins
25%
Pascal Siakam
25%
Rolando Blackman
25%
Dan Majerle
22%
Jason Terry
22%
Jaxson Hayes
22%
Robert Horry
22%
Terry Cummings
22%
Anthony Mason
19%
Antonio McDyess
19%
David Lee
19%
Domantas Sabonis
19%
Hedo Turkoglu
19%
Hersey Hawkins
19%
J.J. Redick
19%
Jonas Valanciunas
19%
Luol Deng
19%
Nick Van Exel
19%
Otis Thorpe
19%
Sam Cassell
19%
Andre Drummond
17%
Fat Lever
17%
Hassan Whiteside
17%
Larry Nance
17%
Larry Nance Jr.
17%
Myles Turner
17%
Doc Rivers
14%
Greg Monroe
14%
Michael Finley
14%
Shai Gilgeous-Alexander
14%
Derrick Favors
11%
Nene Hilario
11%
PJ Washington
11%
Terrell Brandon
11%
Antonio Daniels
8%
Brandon Clarke
8%
Kiki Vandeweghe
8%
Malcolm Brogdon
8%
Rick Mahorn
8%
Rod Strickland
8%
Trevor Ariza
8%
Donyell Marshall
6%
Eric Paschall
6%
Mason Plumlee
6%
Taj Gibson
6%
Willie Cauley-Stein
6%
Montrezl Harrell
3%
Andre Igoudala
0%
Clint Capela
0%
Dwight Powell
0%
Elden Campbell
0%
Mike Gminski
0%

Score Distribution

Percentile by Number Answered

Percent of People with Each Score

Your Score History

You have not taken this quiz